The art of developing personal power : (Record no. 133498)

MARC details
000 -LEADER
fixed length control field 00710nam a22002177a 4500
005 - DATE AND TIME OF LATEST TRANSACTION
control field 20170124110211.0
010 ## - LIBRARY OF CONGRESS CONTROL NUMBER
LC control number A-760423
020 ## - INTERNATIONAL STANDARD BOOK NUMBER
Terms of availability 00.00
International Standard Book Number 8172244266
035 ## - SYSTEM CONTROL NUMBER
System control number A-760423
037 ## - SOURCE OF ACQUISITION
Source of stock number/acquisition Cen Lib/Ret
040 ## - CATALOGING SOURCE
Original cataloging agency DPL
Language of cataloging EN
082 ## - DEWEY DECIMAL CLASSIFICATION NUMBER
Classification number 158.1
Item number HEW
100 ## - MAIN ENTRY--PERSONAL NAME
Personal name Hewitt, William W.
9 (RLIN) 38105
245 ## - TITLE STATEMENT
Title The art of developing personal power :
Statement of responsibility, etc by William W. Hewitt
Remainder of title The art of self-talk : formula for success : mouth power₊word power=personal power /
260 ## - PUBLICATION, DISTRIBUTION, ETC. (IMPRINT)
Name of publisher, distributor, etc Jaico Publishing House
Place of publication, distribution, etc Bombay
Date of publication, distribution, etc 1995
270 ## - ADDRESS
City Bombay
Address 121 M. G. Road
Postal code 400001
300 ## - PHYSICAL DESCRIPTION
Extent 180p.
Dimensions 22cm(Hb)
650 ## - SUBJECT ADDED ENTRY--TOPICAL TERM
Topical term or geographic name as entry element Self-talk
9 (RLIN) 38106
650 ## - SUBJECT ADDED ENTRY--TOPICAL TERM
Topical term or geographic name as entry element Success
9 (RLIN) 17488
942 ## - ADDED ENTRY ELEMENTS (KOHA)
Source of classification or shelving scheme Dewey Decimal Classification
Koha item type English Books
Classification part 158.1
Call number suffix HEW
Holdings
Withdrawn status Lost status Damaged status Not for loan Home library Current library Date acquired Source of acquisition Cost, normal purchase price Total Checkouts Total Renewals Full call number Barcode Date last seen Date checked out Copy number Cost, replacement price Price effective from Koha item type
        Central Library Central Library 27/07/2015 Cen Lib/Ret 0.00 1 2 158.1 HEW A-760423 06/01/2020 05/12/2019 1 0.00 27/07/2015 English Books

© Delhi Public Library
Hit Counter
free hit counter